Solomon's Temple : myth, conflict, and faith /

"A highly original architectural history of Solomon's Temple and Islam's Dome of the Rock that doubles as a social and cultural history of the region"--

محفوظ في:

المؤلف الرئيسي: Balfour, Alan (مؤلف)

التنسيق: كتاب

اللغة: English

منشور في: Chichester, West Sussex, UK : Wiley-Blackwell, 2012.

الموضوعات:

الوسوم: إضافة وسم

لا توجد وسوم, كن أول من يضع وسما على هذه التسجيلة!

رقم الطلب: NA243 .B35 2012

LEADER 01057namaa2200277 4500
001 22287
003 OSt
005 20250903073953.0
008 130303s2012 enkabf b 001 0 eng d
020 |a 9780470674956 
040 |c ARCE Library 
043 |a a-is--- 
050 4 |a NA243 .B35 2012 
100 1 |a Balfour, Alan  |q (Alan H.),  |e author 
245 1 0 |a Solomon's Temple :   |b myth, conflict, and faith /   |c Alan Balfour. 
264 1 |a Chichester, West Sussex, UK :   |b Wiley-Blackwell,   |c 2012. 
300 |a xiii, 314 pages, [16] pages of plates :   |b illustrations (some color), map ;   |c 24 cm. 
504 |a Includes bibliographical references and index. 
520 |a "A highly original architectural history of Solomon's Temple and Islam's Dome of the Rock that doubles as a social and cultural history of the region"-- 
555 |a Nabil 
610 2 0 |a Temple of Jerusalem (Jerusalem) 
610 2 0 |a Qubbat al-Ṣakhrah (Mosque : Jerusalem)  |9 23511 
651 0 |a Temple Mount (Jerusalem)  |x History. 
901 |a reviewed 
942 |c BK  |2 lcc 
999 |c 21278  |d 21278